000 01323nam a2200265Ia 4500
999 _c37556
_d37556
001 3522
003 GE_BSU
005 20190530200834.0
008 181216s2001|||| |||||||||||||| ||geo||
020 _a9992848715
040 _cGE_BSU
041 _ageo
080 _a504(076.1)+62 მ-47
100 _aმეგრელიშვილი,ზ.
_91883
245 _aსაინჟინრო ეკოლოგია და გარემოს დაცვა : ლაბორატორიული პრაქტიკუმი /
_cზ. მეგრელიშვილი ; თ. ქიქავა ; დ. ჩხაიძე ; რედ : ო.შამილიშვილი.
264 _aბათუმი :
_bბათუმის სახელმწიფო უნ-ტი,
_c2001.
300 _a42 გვ .:
_bცხრილი 12; ნახ.6.
_c20 სმ.
504 _aბიბლიოგრ.:გვ.63-64
653 _aსაინჟინრო ეკოლოგია და გარემოს დაცვა
653 _aმეცნიერება გარემოზე
700 _aქიქავა, თ
_9510
700 _aჩხაიძე, დ
_91824
700 _aშამილიშვილი, ო
_eრედაქტორი
_91884
942 _cBK
_2udc